<?xml version="1.0" encoding="UTF-8"?>
<record
    xmlns:xsi="http://www.w3.org/2001/XMLSchema-instance"
    xsi:schemaLocation="http://www.loc.gov/MARC21/slim http://www.loc.gov/standards/marcxml/schema/MARC21slim.xsd"
    xmlns="http://www.loc.gov/MARC21/slim">

  <leader>01590nam a22001937a 4500</leader>
  <controlfield tag="003">IT-RoPau</controlfield>
  <controlfield tag="005">20220918175935.0</controlfield>
  <controlfield tag="008">121115b        xxu||||| |||| 00| 0 eng d</controlfield>
  <datafield tag="040" ind1=" " ind2=" ">
    <subfield code="c">IT-RoPau</subfield>
  </datafield>
  <datafield tag="100" ind1=" " ind2=" ">
    <subfield code="a">Alberione Giacomo</subfield>
    <subfield code="q">Fondatore Famiglia Paolina</subfield>
    <subfield code="9">19</subfield>
  </datafield>
  <datafield tag="245" ind1=" " ind2=" ">
    <subfield code="a">Prediche tenute alle Pie Discepole del Divin Maestro.</subfield>
    <subfield code="b">Vol XIII anno 1968-69 numeri marginali: 1-117</subfield>
  </datafield>
  <datafield tag="250" ind1=" " ind2=" ">
    <subfield code="a">1</subfield>
  </datafield>
  <datafield tag="260" ind1=" " ind2=" ">
    <subfield code="a">Roma</subfield>
    <subfield code="b">PDDM</subfield>
    <subfield code="c">?1960?</subfield>
  </datafield>
  <datafield tag="300" ind1=" " ind2=" ">
    <subfield code="a">145 p.</subfield>
    <subfield code="c">29,5 cm</subfield>
  </datafield>
  <datafield tag="490" ind1=" " ind2=" ">
    <subfield code="a">Vol XIII</subfield>
    <subfield code="v">Vol XIII</subfield>
  </datafield>
  <datafield tag="500" ind1=" " ind2=" ">
    <subfield code="a">Come nel volume precedente</subfield>
  </datafield>
  <datafield tag="520" ind1=" " ind2=" ">
    <subfield code="a">Prefazione
549)Circoncisione del Signore
550)Solennit&#xE0; dell' Epifania del Signore
551)Festa della Sacra Famiglia
552)Rinnovamento spirituale
553)Domenica II dopo l' Epifania
554)Domenica III dopo l' Epifania
555)Domenica I di Quaresima
556)Domenica II di Quaresima
557)Domenica III di Quaresima
558)Solennita' di s. Giuseppe
559)Approfondire le costituzioni
560)Domenica V dopo Pasqua
561)Solennit&#xE0; dell' Ascensione del Signore
562)Domenica dopo l' Ascensione
563)Domenica di Pentecoste
564)Festa della SS. Trinit&#xE0;
565)Solennit&#xE0; del Corpus Domini
566)Solennit&#xE0; del Corpus Domini
567)Domenica II dopo Pentecoste
568)Dedicazione di s. Michele arcangelo
569)Domenica XVIII dopo Pentecoste
570)Domenica XX dopo Pentecoste
571)Festa di Ges&#xF9; Cristo Re
572)Solennit&#xE0; dell' Immacolata Concezione di Maria
573)Domenica III di Avvento
574)Domenica IV di Avvento
575)Domenica  tra l' Ottava di Natale
Indice
I - Indice analitico
Ii - Indice delle citazioni bibliche
III - Indice delle citazioni varie
IV - Indice generale
  </subfield>
  </datafield>
  <datafield tag="942" ind1=" " ind2=" ">
    <subfield code="2">ddc</subfield>
    <subfield code="c">BK</subfield>
  </datafield>
  <datafield tag="999" ind1=" " ind2=" ">
    <subfield code="c">37516</subfield>
    <subfield code="d">37516</subfield>
  </datafield>
  <datafield tag="952" ind1=" " ind2=" ">
    <subfield code="0">0</subfield>
    <subfield code="1">0</subfield>
    <subfield code="2">ddc</subfield>
    <subfield code="4">0</subfield>
    <subfield code="6">P_A1</subfield>
    <subfield code="7">1</subfield>
    <subfield code="a">PAULUS</subfield>
    <subfield code="b">PAULUS</subfield>
    <subfield code="d">2012-11-15</subfield>
    <subfield code="l">0</subfield>
    <subfield code="o">P A1</subfield>
    <subfield code="r">2012-11-15 00:00:00</subfield>
    <subfield code="w">2012-11-15</subfield>
    <subfield code="y">BK</subfield>
  </datafield>
</record>
